000 00407pab a2200169 454500
008 180718b2007 xxu||||| |||| 00| 0 eng d
100 _aRaj Kumar
245 _aTrend of foreign institutional investment in India
260 _c2007
300 _ap.28-39.
362 _aJan-Mar
650 _aForeign investment
700 _aGupta, Hariom
773 _aIASSI Quarterly
908 _aN
909 _a78460
999 _c78460
_d78460